Statistics for Five Most Populous Air Destinations from Select Cities

Click here to take the quiz!

General Stats

  • This quiz has been taken 107 times
  • The average score is 31 of 40

Answer Stats

HintAnswer% Correct
Atlanta-HartsfieldNew York City
98%
Lahore-IqbalNew York City
98%
Mexico CityNew York City
98%
Boston-LoganNew York City
98%
Amsterdam-SchipholNew York City
98%
Boston-LoganTokyo
98%
Amsterdam-SchipholTokyo
98%
AucklandTokyo
98%
HiroshimaTokyo
98%
Atlanta-HartsfieldTokyo
98%
Lahore-IqbalTokyo
98%
Mexico CityTokyo
98%
Toulouse-BlagnacLondon
96%
Toulouse-BlagnacParis
96%
HiroshimaBeijing
84%
AucklandBeijing
84%
Boston-LoganBeijing
84%
Toulouse-BlagnacMadrid
83%
AucklandShanghai
83%
Mexico CityShanghai
83%
Boston-LoganShanghai
83%
HiroshimaShanghai
83%
Lahore-IqbalDelhi
77%
Amsterdam-SchipholDelhi
77%
HiroshimaSeoul
74%
AucklandSeoul
74%
Mexico CitySeoul
74%
Atlanta-HartsfieldSeoul
74%
HiroshimaOsaka
72%
Amsterdam-SchipholJakarta
69%
Lahore-IqbalKarachi
64%
Toulouse-BlagnacIstanbul
58%
Lahore-IqbalBangkok
56%
AucklandManila
56%
Amsterdam-SchipholManila
56%
Atlanta-HartsfieldSao Paulo
54%
Boston-LoganMexico City
52%
Atlanta-HartsfieldMexico City
52%
Mexico CityGuangzhou
47%
Toulouse-BlagnacRuhr Area
16%

Score Distribution

Percentile by Number Answered

Percent of People with Each Score

Your Score History

You have not taken this quiz